[Event "Zuerich op-B 40th"]
[Site "Zuerich"]
[Date "2016.12.27"]
[Round "2"]
[White "Kalbermatter, Philipp"]
[Black "Vercelli, Alessandro"]
[Result "1-0"]
[WhiteElo "1916"]
[BlackElo "1807"]
[PlyCount "70"]
[EventDate "2016.12.26"]
[EventType "swiss"]
[EventRounds "7"]
[EventCountry "SUI"]
[SourceTitle "EXT 2019"]
[Source "ChessBase"]
[SourceDate "2018.10.10"]
[SourceVersion "1"]
[SourceVersionDate "2018.10.10"]
[SourceQuality "1"]

1. e4 e5 2. Nf3 Nc6 3. c3 Nf6 4. d4 exd4 5. e5 Nd5 6. cxd4 Bb4+ 7. Bd2 Qe7 8. Nc3 Bxc3 9. bxc3 d6 10. Bb5 Bd7 11. 0-0 0-0 12. Re1 h6 13. Qc2 a6 14. Bxc6 Bxc6 15. c4 Nb6 16. exd6 Qf6 17. d5 Ba4 18. Qd3 Qxd6 19. Bc3 c5 20. Be5 Qd7 21. Bb2 Rae8 22. Qc3 f6 23. Ba3 Rxe1+ 24. Rxe1 Re8 25. Rxe8+ Qxe8 26. Bxc5 Nd7 27. Be3 Qe4 28. Nd2 Qe7 29. h3 b6 30. Qb2 Qd6 31. Ne4 Qc7 32. Qb4 Bc2 33. Nd2 Bd3 34. Qe7 Bf5 35. g4 Bg6 1-0